| 000 | 00532nam a2200181Ia 4500 | ||
|---|---|---|---|
| 005 | 20250326123444.0 | ||
| 008 | 250326s9999 xx 000 0 und d | ||
| 037 | _aTextbook | ||
| 040 |
_aFMSL _beng _cFMSL |
||
| 041 |
_aeng _2eng |
||
| 084 |
_aX:74 P4 _qFMSL |
||
| 100 |
_aAhmad A _971573 |
||
| 245 | 0 |
_aPassion to win : how winning companies develop and sustain competitive edge _cAhmad A; Chopra O P |
|
| 260 |
_aDelhi _bDelhi, Excel _c2004 |
||
| 300 | _a322p | ||
| 942 |
_cTB _hX:74 P4 |
||
| 999 |
_c1269439 _d1269439 |
||